banner-ar

MAHLER: SYMPHONY no.3 (Record no. 17355)

MARC details
000 -الفاتح
حقل البيانات ثابتة الطول 00493nam a2200169Ia 4500
005 - وقت وتاريخ اخر تعامل مع التسجيلة
رقم الضبط 20240530100413.0
008 - عناصر البيانات ثابتة الطول - معلومات عامة
حقل البيانات ثابتة الطول 140319s9999 xx 000 0 eng d
040 ## - مصدر الفهرسة
وكالة الفهرسة الأصلية GCL /
وكالة النسخ GCL
082 04 - رقم تصنيف ديوى العشرى
رقم التصنيف 784.2184
رقم المادة F M1 \\=aFRANKLIN, PETER.v
100 ## - المدخل الرئيسى - إسم شخصى
الإسم الشخصى FRANKLIN, PETER
245 10 - بيان العنوان
العنوان MAHLER: SYMPHONY no.3
بيان المسئوليه,etc FRANKLIN, PETER
650 04 - المدخل الاضافى بالموضوع-مصطلح موضوعى
مصطلح موضوعي MAHLER, GUSTAU, 1860 - 1911
650 04 - المدخل الاضافى بالموضوع-مصطلح موضوعى
مصطلح موضوعي OSYMPHONIES ANALYSIS APPRECIATION
942 ## - عناصر المدخل الإضافي( كوها)
مصدر التصنيف او مخطط الترفيف Dewey Decimal Classification
Koha [default] item type كتاب
260 ## - PUBLICATION, DISTRIBUTION, ETC. (IMPRINT)
-- [S.N] :
-- CAMLRIDGE UNIVERSITY PRESS
Holdings
حالة التراجع حالة الفقد حالة تلف ليس للاعارة المكان المؤقت الموقع الحالى تاريخ الاكتساب اجمالي اﻻعارات رقم الطلب الباركود تاريخ اخر مشاهدة تاريخ تفعيل السعر نوع وعاء كوها
        مكتبة القاهرة الكبرى مكتبة القاهرة الكبرى 03/26/2014   784.2184\F M 31408 03/26/2014 03/26/2014 كتاب

Powered By

EGPV